000 00792cab a22002415a 4500
001 L159990
008 150113e2016 xxk 000 0 eng d
035 _a(Sirsi) u159990
041 0 _aeng
050 _a333.3307 $2 18
100 1 _aLaffey, Martin
245 0 2 _aA late developer
260 _aLondon
_bRICS
_c2016
490 _aRICS Building Surveying Journal
_vOctober 2016 - November 2016, 24-25(2)
520 _aMartin Laffey describes how he became a RICS member via the Professional Experience Route.
650 2 4 _aABOUT RICS
650 2 4 _aABOUT RICS-RICS MEMBERS
650 2 4 _aAPC
_96216
650 2 4 _aCAREERS, EDUCATION AND TRAINING-QUALIFICATION ROUTES-ASSESSMENT OF PROFESSIONAL COMPETENCE
650 2 4 _aCAREER
690 _aBuilding surveying
_96225
942 _n0
_2ddc
999 _c85107
_d85107